LEADER 01328nam0 22003253i 450 001 VAN00286090 005 20250203023328.112 010 $a978-88-938529-3-7 100 $a20250203d2022 |0itac50 ba 101 $aita 102 $aIT 105 $a|||| ||||| 181 $ai$b e 182 $an 183 $anc 200 1 $aLogistica pratica$econcetti essenziali per la comprensione e la gestione della logistica e della supply chain$fAndrea Payaro 210 $aBologna$cEsculapio$d2022 215 $aIX, 257 p.$cill.$d25 cm 606 $aAziende$xGestione$3VANC030499$2EC 620 $dBologna$3VANL000003 676 $a658.785$v21 700 1$aPayaro$bAndrea$3VANV240080$01274137 712 $aEsculapio $3VANV108332$4650 801 $aIT$bSOL$c20250530$gRICA 856 4 $uhttps://www.google.it/books/edition/Logistica_Pratica_Concetti_essenziali_pe/3oVnEAAAQBAJ?hl=it&gbpv=0$zhttps://www.google.it/books/edition/Logistica_Pratica_Concetti_essenziali_pe/3oVnEAAAQBAJ?hl=it&gbpv=0 899 $aBIBLIOTECA DEL DIPARTIMENTO DI ECONOMIA$1IT-CE0106$2VAN03 912 $aVAN00286090 950 $aBIBLIOTECA DEL DIPARTIMENTO DI ECONOMIA$d03PREST IIAn19 $e03 34652 20250203 996 $aLogistica pratica$93002551 997 $aUNICAMPANIA